Anuario jurídico administrativo 1984
Descripción Física:
1507 p. ; 32 cm
MARC
| LEADER | 00000nam a2200000Ia 4500 | ||
|---|---|---|---|
| 001 | 11096 | ||
| 008 | 160829s1984 xx 000 0 cat d | ||
| 080 | |a FOL-1-206 | ||
| 245 | |a Anuario jurídico administrativo 1984 | ||
| 260 | |a Málaga : |b Ediciones Jurídicas Europeas, S.A., |c 1984 | ||
| 300 | |a 1507 p. ; |c 32 cm | ||
| 610 | 0 | |a Espanya. |x Política i govern |9 9716 | |
| 650 | |a Comunitats autònomes |x Espanya |x Estatuts |9 31566 | ||
| 650 | |a Pobles i viles |x Espanya I |9 31567 | ||
| 650 | |a Ciutats |x Espanya |9 31568 | ||
| 901 | |a Arxiu | ||
| 942 | |n 1 | ||
| 952 | |0 0 |1 0 |4 0 |6 FOL1206 |7 1 |9 45672 |a Arxiu |b Arxiu |d 2016-12-01 |l 0 |o FOL-1-206 |p 11096 |r 2016-12-01 00:00:00 |w 2016-12-01 |y ARXIU | ||
| 999 | |c 49172 |d 49172 | ||